LEADER 02948nam 2200409 450 001 9910583021803321 005 20230120002734.0 010 $a0-323-55430-X 035 $a(CKB)4100000004831985 035 $a(MiAaPQ)EBC5419709 035 $a(EXLCZ)994100000004831985 100 $a20180628d2019 uy 0 101 0 $aeng 135 $aurcnu|||||||| 181 $ctxt$2rdacontent 182 $cc$2rdamedia 183 $acr$2rdacarrier 200 10$aStroke prevention in atrial fibrillation /$fGreg Flaker 210 1$aSt. Louis, Missouri :$cElsevier,$d[2019] 210 4$d©2019 215 $a1 online resource (203 pages) $cillustrations 311 $a0-323-55429-6 320 $aIncludes bibliographical references and index. 327 $a1. An Economic Analysis of Stroke and Atrial Fibrillation / Arnold J. Greenspon, MD -- 2. Pharmacology of Oral Anticoagulants / Paul P. Dobesh, PharmD, FCCP, BCPS and Zachary A. Stacy, PharmD, FCCP, BCPS -- 3. Anticoagulation Drug Trials for Stroke Prevention in Atrial Fibrillation / David A. Manly, MD and Christopher B. Granger, MD -- 4. Risk Stratification in Atrial Fibrillation / Farhan Shahid, MBBS, BSc, Mikhail Dzeshka, MD, Eduard Shantsila, MD, PhD and Gregory Y.H. Lip, MD, FRCP, FACC, FESC -- 5. Subclinical Atrial Fibrillation: Definition, Prevalence, and Treatment Strategies / Abhinav Sharma, MD, FRCPC and Renato D. Lopes, MD, MHS, PhD -- 6. The New Anticoagulation Clinic / Anne E. Rose, PharmD -- 7. Management of Bleeding Associated With Anticoagulation / Geno J. Merli, MD, MACP, FSVM, FHM and Lynda Thomson, PharmD -- 8. Periprocedural Management of Anticoagulation in Patients With Atrial Fibrillation / Richard Weachter, MD and Greg Flaker, MD -- 9. Special Situations: Anticoagulation for Cardioversion / Chad Ward, MD and Michael C. Giudici, MD, FACC, FACP, FHRS -- 10. Anticoagulation for Ablation Procedures / Michael C. Giudici, MD, FACC, FACP, FHRS and Bria Giacomino, DO -- 11. Surgical and Implanted Devices for the Left Atrial Appendage / Sandeep Gautam, MD, MPH and Joshua Payne, MD, MPH -- 12. Patients Taking Oral Anticoagulants for Atrial Fibrillation With Concomitant Complex Disease States / William J. Hucker, MD, PhD, Mitul Kanzaria, MD, and John U. Doherty, MD, FACC -- 13. Stroke and Atrial Fibrillation: The Neurologist's Perspective / Luciana Catanese, MD and Robert G. Hart, MD -- 14. Stroke and Atrial Fibrillation in Chronic Kidney Disease and Dialysis / David Collister, MD and Michael Walsh, MD, PhD. 606 $aCerebrovascular disease$xPrevention 606 $aAtrial fibrillation 615 0$aCerebrovascular disease$xPrevention. 615 0$aAtrial fibrillation. 676 $a616.8106 700 $aFlaker$b Greg$0866185 801 0$bMiAaPQ 801 1$bMiAaPQ 801 2$bMiAaPQ 906 $aBOOK 912 $a9910583021803321 996 $aStroke prevention in atrial fibrillation$91933231 997 $aUNINA LEADER 03847oam 2200781Ma 450 001 9910784627303321 005 20190503073310.0 010 $a0-262-31181-X 010 $a0-262-28313-1 010 $a0-585-06933-6 010 $a1-282-09689-3 010 $a9786612096891 035 $a(CKB)1000000000380358 035 $a(OCoLC)614511479 035 $a(CaPaEBR)ebrary10015360 035 $a(SSID)ssj0000139005 035 $a(PQKBManifestationID)11139568 035 $a(PQKBTitleCode)TC0000139005 035 $a(PQKBWorkID)10107995 035 $a(PQKB)10875550 035 $a(SSID)ssj0001141127 035 $a(PQKBManifestationID)12499778 035 $a(PQKBTitleCode)TC0001141127 035 $a(PQKBWorkID)11089758 035 $a(PQKB)11647233 035 $a(MiAaPQ)EBC3338461 035 $a(OCoLC)42922453$z(OCoLC)47905737$z(OCoLC)232161196$z(OCoLC)243510868$z(OCoLC)243510869$z(OCoLC)318204935$z(OCoLC)488706724$z(OCoLC)532461718$z(OCoLC)614511479$z(OCoLC)646708926$z(OCoLC)649223347$z(OCoLC)939263614 035 $a(OCoLC-P)42922453 035 $a(MaCbMITP)2415 035 $a(Au-PeEL)EBL3338461 035 $a(CaPaEBR)ebr10015360 035 $a(OCoLC)939263614 035 $a(EXLCZ)991000000000380358 100 $a19980827d1999 uy 0 101 0 $aeng 135 $aurcn||||||||| 181 $ctxt 182 $cc 183 $acr 200 10$aDigital capitalism $enetworking the global market system /$fDan Schiller 210 $aCambridge, Mass. $cMIT Press$d©1999 215 $a1 online resource (314 p.) 300 $aBibliographic Level Mode of Issuance: Monograph 311 $a0-262-19417-1 311 $a0-262-69233-3 320 $aIncludes bibliographical references and index. 330 $aSchiller traces the transformation of the Internet from government, military, and educational tool to agent of "digital capitalism" through three critically important and interlinked realms.The networks that comprise cyberspace were originally created at the behest of government agencies, military contractors, and allied educational institutions. Over the past generation or so, however, a growing number of these networks began to serve primarily corporate users. Under the sway of an expansionary market logic, the Internet began a political-economic transition toward what Dan Schiller calls "digital capitalism."Schiller traces these metamorphoses through three critically important and interlinked realms. Parts I and II deal with the overwhelmingly "neoliberal" or market-driven policies that influence and govern the telecommunications system and their empowerment of transnational corporations while at the same time exacerbating exisiting social inequalities. Part III shows how cyberspace offers uniquely supple instruments with which to cultivate and deepen consumerism on a transnational scale, especially among privileged groups. Finally, Part IV shows how digital capitalism has already overtaken education, placing it at the mercy of a proprietary market logic. 606 $aInformation society 606 $aElectronic commerce$xSocial aspects 606 $aInternational economic integration 606 $aInformation superhighway 606 $aInternet$xSocial aspects 606 $aTelecommunication$xHistory 610 $aBUSINESS/Management 615 0$aInformation society. 615 0$aElectronic commerce$xSocial aspects. 615 0$aInternational economic integration. 615 0$aInformation superhighway. 615 0$aInternet$xSocial aspects. 615 0$aTelecommunication$xHistory. 676 $a303.48/33 700 $aSchiller$b Dan$f1951-$0150286 801 0$bOCoLC-P 801 1$bOCoLC-P 906 $aBOOK 912 $a9910784627303321 996 $aDigital capitalism$952442 997 $aUNINA LEADER 01098nam a2200265 i 4500 001 991004283937207536 005 20230728130537.0 008 230713s2022 it f 001 0 ita 020 $a9788868972837 040 $aBibl. Dip.le Aggr. Scienze Umane e Sociali - Sez. Studi Storici 082 04$a025.21877 082 04$a025.27 100 1 $aSardo Lucia$d<1972- >$067620 245 02$aI fondi personali e le biblioteche accademiche :$bil caso dell?Alma Mater Studiorum Universitą di Bologna /$cLucia Sardo, Fiammetta Sabba 260 $aRoma :$bBulzoni,$c2022 300 $aXIV, 153 p. :$bill. ;$c24 cm 490 1 $aBiblioteconomia e scienza dell'informazione archivistica ;$v2 504 $aBibliogr.: p. [143]-153 650 7$aBiblioteche$xFondi speciali$zBologna 650 4$aBiblioteche universitarie$xAccessioni 651 4$aBologna$xUniversitą$xBiblioteche$vFondi speciali 700 1 $aSabba Fiammetta$eauthor$4http://id.loc.gov/vocabulary/relators/aut$0478002 912 $a991004283937207536 996 $aFondi personali e le biblioteche accademiche$93402682 997 $aUNISALENTO